Responses for show #7828 - Wednesday, September 26, 2018

Contestants

[<< previous game]

Jordan Boyd-Graber Ying, an associate professor of computer science from Riverdale Park, Maryland

Evelyn Rubin, a family physician from Toronto, Ontario, Canada

Nancy Schoppa, a retired high school teacher from Saint Jo, Texas (whose 2-day cash winnings total $35,000)

[next game >>]

Jeopardy! Round responses

THE GREAT BRITISH COIN HUNT
NAME THE NOVEL
ANAGRAMS
COLLEGE COURSES
VIDEO GAMES
IN OTTER NEWS
    $200 12
cricket

Nancy
    $200 11
The Picture of Dorian Gray

Nancy
    $200 6
caffeine

Evelyn
    $200 5
Klingon

Evelyn
    $200 26
(Evelyn: What is Pixar?)
...
(Alex: Less than a minute.)

Disney

EvelynJordan
    $200 21
a rudder

Evelyn
    $400 13
the World Wide Web

Jordan
    $400 3
Gone With the Wind

Nancy
    $400 7
encyclopedia

Nancy
    $400 17
(Evelyn: What is Scripps?)

the U.S. Naval Academy

EvelynJordan
    $400 27
(Jordan: What is Dragon Age?)

The Elder Scrolls

Jordan
Triple Stumper
    $400 22
seaweed (or kelp)

Evelyn
    $600 14
Stonehenge

Evelyn
    $600 1
Silence of the Lambs

Nancy
    $600 8
Presbyterian

Jordan
    $600 18
the Rhode Island School of Design

Evelyn
    $600 30
battle royale

Triple Stumper
    $600 23
(Evelyn: What is San Francisco?)
(Jordan: What is San Diego?)
(Nancy: What is Salinas?)

Monterey

NancyEvelynJordan
Triple Stumper
    $800 15
a jubilee

Evelyn
    $800 2
The Wind in the Willows

Jordan
    $800 9
Nassau

Evelyn
    $800 19
(Evelyn: What are papers?)

epistles

EvelynJordan
    $800 29
ostriches

Triple Stumper
    $800 24
(Jordan: What are Ice Pops?)

Otter Pops

EvelynJordan
    $1,000 16
(Alex: [As the clue is revealed] You'll like this clue, and I'll tell you why in a moment.)
...
(Alex: Evelyn?)
(Evelyn: What is a... zone?)
...
(Alex: "Zed" I thought would please you, 'cause you're from Canada.)

zebra

Evelyn
    $1000 4
Clockwork Orange

Jordan
    $1000 10
tetherball

Evelyn
    $1000 20
Rutgers

Nancy
    $1000 28
(Jordan: What is Halo?)

Destiny

Jordan
Triple Stumper
    $1000 25
the weasel family

Triple Stumper

Scores at the first commercial break (after clue 16):

Nancy Evelyn Jordan
$1,800 $2,600 $2,800

Scores at the end of the Jeopardy! Round:

Nancy Evelyn Jordan
$2,200 $2,600 $1,400

Double Jeopardy! Round responses

GETTING COORDINATED
MR. & MRS. SONGS
OPERATION
AROUND THE MANSION
"HOW"-"D"
PARDONER
    $400 1
the North Pole

Jordan
    $400 26
(Alex: With less than a minute now.)

"Mrs. Robinson"

Evelyn
    $400 17
caesarean section

Nancy
    $400 16
snooker

Evelyn
    $400 11
chowder

Evelyn
    $400 6
Bill Clinton

Nancy
    $800 2
Africa

Jordan
    $800 27
the Counting Crows

Evelyn
    $800 21
a bypass

Evelyn
    $800 18
a waltz

Jordan
    $800 12
"How you doin'?"

Evelyn
    $800 7
Scooter Libby

Jordan
    $2,600 3
St. Paul and Salem

Jordan
    $1200 28
The Killers

Evelyn
    $1200 22
a kidney transplant

Evelyn
    $1200 19
an elliptical

Triple Stumper
    $1200 13
(Jordan: What is... flow drain?)

showerheads

Jordan
Triple Stumper
    $3,000 8
(Jordan: Yes, thank Seinfeld.)

(George) Steinbrenner

Jordan
    $1600 4
the English Channel

Jordan
    $1600 29
ELO

Nancy
    $1600 23
cataract removal (or surgery)

Jordan
    $1600 20
a solarium

Evelyn
    $1600 14
a howdah

Evelyn
    $1600 9
a Texas Ranger

Nancy
    $2000 5
Gilbert Islands

Triple Stumper
    $2000 30
Mrs. Brown

Evelyn
    $2000 25
(Jordan: What is an endoscope?)
[Originally ruled incorrect; ruled correct before Final Jeopardy!]

laparoscope

EvelynJordan
    $2000 24
The Faerie Queene

Evelyn
    $2000 15
Howland Island

Nancy
    $2000 10
(Alex: The politician was the president of the Confederacy--[*].)

Jefferson Davis

Triple Stumper

Scores at the end of the Double Jeopardy! Round:

Nancy Evelyn Jordan
$8,200 $17,800 $13,800

[wagering suggestions for these scores]

Final Jeopardy! Round responses

AUTHORS
(Alex: The lady wrote a popular series of novels using the alphabet. A is for Alibi, and so on and so on.)
NancyWho Grafton?
$8,100
JordanWho is Grafton?
$13,000
EvelynWho is Sue Grafton?
$9,801
Sue Grafton

Final scores:

Nancy Evelyn Jordan
$16,300 $27,601 $26,800
3rd place: $1,000 New champion: $27,601 2nd place: $2,000

Game dynamics:

Coryat scores:

Nancy Evelyn Jordan
$8,200 $18,800 $10,600
11 R,
1 W
23 R,
5 W
(including 1 DD)
16 R
(including 2 DDs),
5 W

Combined Coryat: $37,600

The J! Archive is created by fans, for fans. The Jeopardy! game show and all elements thereof, including but not limited to copyright and trademark thereto, are the property of Jeopardy Productions, Inc. and are protected under law. This website is not affiliated with, sponsored by, or operated by Jeopardy Productions, Inc. Join the discussion at JBoard.tv.